| 000 | 00421nam a2200181Ia 4500 | ||
|---|---|---|---|
| 008 | 220803s9999 xx 000 0 und d | ||
| 020 | _a0-440-18462-2 | ||
| 041 | _aeng | ||
| 082 | _a823 CLA | ||
| 100 |
_aClavell J _912415 |
||
| 245 | _aTai Pan | ||
| 250 | _a20th | ||
| 260 |
_aNew York _bDell Pub Co _c1979 |
||
| 300 | _a734p | ||
| 500 | _aArchitecture | ||
| 520 | _aWithdrawn | ||
| 650 |
_aEnglish Literature _912416 |
||
| 999 |
_c9951 _d9951 |
||